<?xml version="1.0" encoding="UTF-8"?>
<record
    xmlns:xsi="http://www.w3.org/2001/XMLSchema-instance"
    xsi:schemaLocation="http://www.loc.gov/MARC21/slim http://www.loc.gov/standards/marcxml/schema/MARC21slim.xsd"
    xmlns="http://www.loc.gov/MARC21/slim">

  <leader>07237nam a22004337a 4500</leader>
  <controlfield tag="001">18299332</controlfield>
  <controlfield tag="003">OSt</controlfield>
  <controlfield tag="005">20241217104958.0</controlfield>
  <controlfield tag="008">241217b        |||||||| |||| 00| 0 eng d</controlfield>
  <datafield tag="010" ind1=" " ind2=" ">
    <subfield code="a">  2014427724</subfield>
  </datafield>
  <datafield tag="020" ind1=" " ind2=" ">
    <subfield code="a">9781843347545</subfield>
    <subfield code="q">(pbk.)</subfield>
  </datafield>
  <datafield tag="040" ind1=" " ind2=" ">
    <subfield code="a">KMU</subfield>
    <subfield code="b">eng</subfield>
    <subfield code="c">KMU</subfield>
    <subfield code="e">rda</subfield>
    <subfield code="d">KMU</subfield>
  </datafield>
  <datafield tag="050" ind1="0" ind2="0">
    <subfield code="a">Z678.9.A4</subfield>
    <subfield code="b">A353 2014</subfield>
  </datafield>
  <datafield tag="245" ind1="0" ind2="0">
    <subfield code="a">Concepts and advances in information and knowledge management :</subfield>
    <subfield code="b">studies from developing and emerging economies /</subfield>
    <subfield code="c">edited by Kelvin Joseph Bwalya, Nathan Mwakoshi Mnjama and Peter Mazebe II Mothataesi Sebina.</subfield>
  </datafield>
  <datafield tag="264" ind1=" " ind2="1">
    <subfield code="a">Amsterdam ;</subfield>
    <subfield code="a">Boston :</subfield>
    <subfield code="b">Chandos Publishing, an imprint of Elsevier,</subfield>
    <subfield code="c">2014.</subfield>
  </datafield>
  <datafield tag="300" ind1=" " ind2=" ">
    <subfield code="a">xxx, 268 pages ;</subfield>
    <subfield code="c">24 cm.</subfield>
  </datafield>
  <datafield tag="336" ind1=" " ind2=" ">
    <subfield code="a">text</subfield>
    <subfield code="b">txt</subfield>
    <subfield code="2">rdacontent</subfield>
  </datafield>
  <datafield tag="337" ind1=" " ind2=" ">
    <subfield code="a">unmediated</subfield>
    <subfield code="b">n</subfield>
    <subfield code="2">rdamedia</subfield>
  </datafield>
  <datafield tag="338" ind1=" " ind2=" ">
    <subfield code="a">volume</subfield>
    <subfield code="b">nc</subfield>
    <subfield code="2">rdacarrier</subfield>
  </datafield>
  <datafield tag="490" ind1="1" ind2=" ">
    <subfield code="a">Chandos information professional series</subfield>
  </datafield>
  <datafield tag="504" ind1=" " ind2=" ">
    <subfield code="a">Includes bibliographical references (page 229-257) and index.</subfield>
  </datafield>
  <datafield tag="505" ind1="0" ind2="0">
    <subfield code="g">Machine generated contents note:</subfield>
    <subfield code="g">pt. 1</subfield>
    <subfield code="t">THE RECORDS MANAGEMENT CONUNDRUM --</subfield>
    <subfield code="g">1.</subfield>
    <subfield code="t">Effective customer service: an enhancer of performance in archives and records management /</subfield>
    <subfield code="r">Palalani Manewe-Sisa --</subfield>
    <subfield code="t">Why quality customer service in archives and records management? --</subfield>
    <subfield code="t">Customer service --</subfield>
    <subfield code="t">Dimensions/determinants of service quality --</subfield>
    <subfield code="t">Critical factors to customer service --</subfield>
    <subfield code="t">ARMUs and factors impacting on customer service --</subfield>
    <subfield code="t">Potential challenges to provision of quality customer service in ARMUs --</subfield>
    <subfield code="t">Conclusion --</subfield>
    <subfield code="g">2.</subfield>
    <subfield code="t">Accountability and records appraisal with particular reference to challenges experienced in Malawi /</subfield>
    <subfield code="r">Yvonne Tough --</subfield>
    <subfield code="t">Accountability --</subfield>
    <subfield code="t">Cabinet government and parliamentary democracy --</subfield>
    <subfield code="t">Ethics and responsibility --</subfield>
    <subfield code="t">Appraisal theories --</subfield>
    <subfield code="t">The shift to IT --</subfield>
    <subfield code="t">Risk management in the context of accountability and appraisal --</subfield>
    <subfield code="t">Central African and wider African experience</subfield>
  </datafield>
  <datafield tag="505" ind1="0" ind2="0">
    <subfield code="t">The implications of functional analysis for practice --</subfield>
    <subfield code="t">The implications of risk management and vital records analysis for practice --</subfield>
    <subfield code="t">Conclusion --</subfield>
    <subfield code="g">3.</subfield>
    <subfield code="t">The records management paradigm shift: problems and prospects in East and Southern Africa /</subfield>
    <subfield code="r">Nathan Mnjama --</subfield>
    <subfield code="t">History of modern records --</subfield>
    <subfield code="t">The role of ICTs in fostering the records management paradigm shift --</subfield>
    <subfield code="t">The records management paradigm shift and records management theoretical frameworks --</subfield>
    <subfield code="t">Challenges and opportunities brought about by the records management paradigm shift --</subfield>
    <subfield code="t">The records management paradigm shift and the place of the archivist/records manager --</subfield>
    <subfield code="t">The records management paradigm shift and records and archival legislation --</subfield>
    <subfield code="t">The records management paradigm shift and its impact in Africa and other developing countries --</subfield>
    <subfield code="t">The records management paradigm shift and audiovisual archives --</subfield>
    <subfield code="t">Conclusion --</subfield>
    <subfield code="g">4.</subfield>
    <subfield code="t">Functional requirements for an electronic records management system for court records /</subfield>
    <subfield code="r">Rusnah Johare</subfield>
  </datafield>
  <datafield tag="505" ind1="0" ind2="0">
    <subfield code="t">Electronic court records management --</subfield>
    <subfield code="t">The need for functional requirements for the management of electronic court records --</subfield>
    <subfield code="t">Methods to develop functional requirements --</subfield>
    <subfield code="t">Case: Review of models demonstrating the necessity of functional requirements for the management of electronic records --</subfield>
    <subfield code="t">Conclusion --</subfield>
    <subfield code="g">pt. 2</subfield>
    <subfield code="t">THE EMERGING INFORMATION MANAGEMENT LANDSCAPE --</subfield>
    <subfield code="g">5.</subfield>
    <subfield code="t">Analysing the future of Zimbabwe's academic libraries: from their historical past to preparedness for current realities and requirements /</subfield>
    <subfield code="r">Judith Mavodza --</subfield>
    <subfield code="t">Current realities in academic libraries in general --</subfield>
    <subfield code="t">Current realities in academic libraries in Zimbabwe --</subfield>
    <subfield code="t">The education of academic librarians in Zimbabwe --</subfield>
    <subfield code="t">Accreditation and international recognition of library schools in Zimbabwe --</subfield>
    <subfield code="t">The role and impact of Zimbabwean librarian professional bodies --</subfield>
    <subfield code="t">The future of academic libraries and implications for the Zimbabwe context --</subfield>
    <subfield code="t">Implications for academic librarians in the developing world --</subfield>
    <subfield code="t">Conclusion</subfield>
  </datafield>
  <datafield tag="505" ind1="0" ind2="0">
    <subfield code="g">Appendix 5.1</subfield>
    <subfield code="t">Universities and colleges in Zimbabwe --</subfield>
    <subfield code="g">6.</subfield>
    <subfield code="t">Unleashing the conceptual value of information management for organizational competitiveness: semantic underpinnings /</subfield>
    <subfield code="r">Zulu F.C. Saul --</subfield>
    <subfield code="t">The value of information and knowledge to an organization --</subfield>
    <subfield code="t">Information and knowledge management models and frameworks --</subfield>
    <subfield code="t">Conclusion --</subfield>
    <subfield code="g">7.</subfield>
    <subfield code="t">Factors affecting the development of digital resources collection in universities: a case study of Kenya /</subfield>
    <subfield code="r">Japhet Otike --</subfield>
    <subfield code="t">The IT environment in Kenyan universities --</subfield>
    <subfield code="t">Implementation of the national ICT policy --</subfield>
    <subfield code="t">Bandwidth availability and costs --</subfield>
    <subfield code="t">Bandwidth management and optimization --</subfield>
    <subfield code="t">Performance measures to evaluate usage of digital resources --</subfield>
    <subfield code="t">ICT infrastructure and computers --</subfield>
    <subfield code="t">Institutional leadership --</subfield>
    <subfield code="t">Need for user education for faculty and students --</subfield>
    <subfield code="t">Power blackouts/outages --</subfield>
    <subfield code="t">Open access publishing --</subfield>
    <subfield code="t">Building capacity of library staff --</subfield>
    <subfield code="t">Cooperation of stakeholders --</subfield>
    <subfield code="t">Conclusion</subfield>
  </datafield>
  <datafield tag="505" ind1="0" ind2="0">
    <subfield code="g">8.</subfield>
    <subfield code="t">Re-engineering information literacy programmes of Nairobi-based public and private universities in Kenya /</subfield>
    <subfield code="r">Henry N. Kemoni --</subfield>
    <subfield code="t">Information literacy initiatives in Kenya --</subfield>
    <subfield code="t">Theoretical framework --</subfield>
    <subfield code="t">Study population --</subfield>
    <subfield code="t">Summary of key findings --</subfield>
    <subfield code="t">Guidelines for information literacy interventions --</subfield>
    <subfield code="t">Promotion of information literacy programmes campus wide --</subfield>
    <subfield code="t">Learning environment --</subfield>
    <subfield code="t">Future research directions --</subfield>
    <subfield code="t">Conclusion --</subfield>
    <subfield code="g">9.</subfield>
    <subfield code="t">Indigenous knowledge management in Botswana Using ICT applications /</subfield>
    <subfield code="r">Priti Jain --</subfield>
    <subfield code="t">Background --</subfield>
    <subfield code="t">Definition of concepts --</subfield>
    <subfield code="t">Benefits of indigenous knowledge and indigenous knowledge systems --</subfield>
    <subfield code="t">Role of ICTs in indigenous knowledge --</subfield>
    <subfield code="t">Challenges of applying ICT to indigenous knowledge systems --</subfield>
    <subfield code="t">Indigenous knowledge systems worldwide --</subfield>
    <subfield code="t">Indigenous knowledge systems in Africa --</subfield>
    <subfield code="t">Recent trends in ICT use in indigenous knowledge management --</subfield>
    <subfield code="t">Indigenous knowledge systems in Botswana --</subfield>
    <subfield code="t">Conclusion and recommendations</subfield>
  </datafield>
  <datafield tag="505" ind1="0" ind2="0">
    <subfield code="g">10.</subfield>
    <subfield code="t">Moving towards a ubiquitous service for information access: the information environment in Botswana /</subfield>
    <subfield code="r">Olugbade Oladokun --</subfield>
    <subfield code="t">Information needs/information (seeking) behaviour --</subfield>
    <subfield code="t">Information sources and channels --</subfield>
    <subfield code="t">Information technology --</subfield>
    <subfield code="t">Libraries --</subfield>
    <subfield code="t">Radio and television --</subfield>
    <subfield code="t">Telecommunications --</subfield>
    <subfield code="t">Information regulatory bodies --</subfield>
    <subfield code="t">Newspapers --</subfield>
    <subfield code="t">Conclusion --</subfield>
    <subfield code="g">11.</subfield>
    <subfield code="t">Information management in small enterprises in Botswana /</subfield>
    <subfield code="r">Neo Patricia Mooko --</subfield>
    <subfield code="t">Information management --</subfield>
    <subfield code="t">General benefits for information management in small enterprises --</subfield>
    <subfield code="t">Information management and information technology --</subfield>
    <subfield code="t">Challenges faced by small businesses in Botswana --</subfield>
    <subfield code="t">Using information ethically --</subfield>
    <subfield code="t">Examples of business development providers in Botswana --</subfield>
    <subfield code="t">Conclusion.</subfield>
  </datafield>
  <datafield tag="650" ind1=" " ind2="0">
    <subfield code="a">Libraries</subfield>
    <subfield code="z">Africa</subfield>
    <subfield code="x">Automation.</subfield>
  </datafield>
  <datafield tag="650" ind1=" " ind2="0">
    <subfield code="a">Library science</subfield>
    <subfield code="x">Information technology</subfield>
    <subfield code="z">Africa.</subfield>
  </datafield>
  <datafield tag="650" ind1=" " ind2="0">
    <subfield code="a">Information resources management</subfield>
    <subfield code="z">Africa.</subfield>
  </datafield>
  <datafield tag="650" ind1=" " ind2="0">
    <subfield code="a">Knowledge management</subfield>
    <subfield code="z">Africa.</subfield>
  </datafield>
  <datafield tag="700" ind1="1" ind2=" ">
    <subfield code="a">Bwalya, Kelvin Joseph,</subfield>
    <subfield code="d">1979-</subfield>
    <subfield code="e">editor.</subfield>
  </datafield>
  <datafield tag="700" ind1="1" ind2=" ">
    <subfield code="a">Mnjama, Nathan Mwakoshi,</subfield>
    <subfield code="e">editor.</subfield>
  </datafield>
  <datafield tag="700" ind1="1" ind2=" ">
    <subfield code="a">Sebina, Peter Mazebe II Mothataesi,</subfield>
    <subfield code="d">1970-</subfield>
    <subfield code="e">editor.</subfield>
  </datafield>
  <datafield tag="830" ind1=" " ind2="0">
    <subfield code="a">Chandos information professional series.</subfield>
  </datafield>
  <datafield tag="906" ind1=" " ind2=" ">
    <subfield code="a">7</subfield>
    <subfield code="b">cbc</subfield>
    <subfield code="c">copycat</subfield>
    <subfield code="d">2</subfield>
    <subfield code="e">ncip</subfield>
    <subfield code="f">20</subfield>
    <subfield code="g">y-gencatlg</subfield>
  </datafield>
  <datafield tag="942" ind1=" " ind2=" ">
    <subfield code="2">lcc</subfield>
    <subfield code="c">BK</subfield>
    <subfield code="n">0</subfield>
  </datafield>
  <datafield tag="999" ind1=" " ind2=" ">
    <subfield code="c">1487</subfield>
    <subfield code="d">1487</subfield>
  </datafield>
  <datafield tag="952" ind1=" " ind2=" ">
    <subfield code="0">0</subfield>
    <subfield code="1">0</subfield>
    <subfield code="2">lcc</subfield>
    <subfield code="4">0</subfield>
    <subfield code="7">0</subfield>
    <subfield code="8">NFIC</subfield>
    <subfield code="a">CPL</subfield>
    <subfield code="b">CPL</subfield>
    <subfield code="c">OA</subfield>
    <subfield code="d">2024-12-17</subfield>
    <subfield code="e">ZLS</subfield>
    <subfield code="l">0</subfield>
    <subfield code="o">Z 678.9.A4 A353 Bwa</subfield>
    <subfield code="p">301003</subfield>
    <subfield code="r">2024-12-17 00:00:00</subfield>
    <subfield code="w">2024-12-17</subfield>
    <subfield code="y">BK</subfield>
  </datafield>
</record>
